Southville International School and Colleges
Your cart is empty.
  • Cart
  • Lists
    Public lists Eva Luna New books Lux_list list_1
    Your lists Log in to create your own lists
  • Log in to your account
  • Your cookies
  • Search history
Southville International School and Colleges
  • Advanced search
  • Recent comments
  • Most popular
  • Libraries

Log in to your account

Log in with GOOGLE


If you do not have an external account, but do have a local account, you can still log in:

  1. Home
  2. MARC view: I wonder why flutes have holes :
Normal view MARC view ISBD view

I wonder why flutes have holes : (Record no. 42375)

[ view plain ]
MARC details
000 -LEADER
fixed length control field 00611nam a2200193Ia 4500
008 - FIXED-LENGTH DATA ELEMENTS--GENERAL INFORMATION
fixed length control field 140224s9999 xx 000 0 und d
020 ## - INTERNATIONAL STANDARD BOOK NUMBER
International Standard Book Number 9780753405062
050 ## - LIBRARY OF CONGRESS CALL NUMBER
Classification number ML 3928
Item number .P35 1995
100 ## - MAIN ENTRY--PERSONAL NAME
Personal name Paker, Jo
245 ## - TITLE STATEMENT
Title I wonder why flutes have holes :
Remainder of title and other questions about music /
Statement of responsibility, etc Jo Paker.
260 ## - PUBLICATION, DISTRIBUTION, ETC. (IMPRINT)
Place of publication, distribution, etc London :
Name of publisher, distributor, etc Kingfisher Publications Plc,
Date of publication, distribution, etc c1995.
300 ## - PHYSICAL DESCRIPTION
Extent 35 p :
Other physical details col. ill. ;
Dimensions 29 cm.
440 ## - SERIES STATEMENT/ADDED ENTRY--TITLE
Title I wonder why.
650 ## - SUBJECT ADDED ENTRY--TOPICAL TERM
Topical term or geographic name as entry element Music
General subdivision Miscellanea -- Juvenile literature.
650 ## - SUBJECT ADDED ENTRY--TOPICAL TERM
Topical term or geographic name as entry element Music
General subdivision Miscellanea.
650 ## - SUBJECT ADDED ENTRY--TOPICAL TERM
Topical term or geographic name as entry element Questions and answers.
942 ## - ADDED ENTRY ELEMENTS (KOHA)
Koha item type Books
Holdings
Withdrawn status Lost status Damaged status Home library Current library Shelving location Date acquired Total Checkouts Full call number Barcode Date last seen Price effective from Koha item type Public note
      Luxembourg Library Luxembourg Library Reference Section 02/24/2014   ML 3928 .P35 1995 LEX1709 02/24/2014 02/24/2014 Books S'J

I wonder why flutes have holes :

APA

Paker J., . (1995). I wonder why flutes have holes. London: Kingfisher Publications Plc.

Chicago

Paker Jo, . 1995. I wonder why flutes have holes. London: Kingfisher Publications Plc.

Harvard

Paker J., . (1995). I wonder why flutes have holes. London: Kingfisher Publications Plc.

MLA

Paker Jo, . I wonder why flutes have holes. London: Kingfisher Publications Plc. 1995.

  • Place hold
  • Print
  • Cite
  • Add to your cart (remove)
  • Save record
    BIBTEX Dublin Core MARCXML MARC (non-Unicode/MARC-8) MARC (Unicode/UTF-8) MARC (Unicode/UTF-8, Standard) MODS (XML) RIS
  • More searches
    Search for this title in:
    Other Libraries (WorldCat) Other Databases (Google Scholar) Online Stores (Bookfinder.com) Open Library (openlibrary.org)

Exporting to Dublin Core...

SOUTHVILLE LIBRARY

Southville International School and Colleges Library

1281 Tropical Ave. Cor. Luxembourg St., BF Homes International, Las Pinas City

Tel. No. 8256374 / 252358 Loc. 117/146

Powered by Koha